<The> Strategic plan of the Nuclear Energy Agency 1999

Saved in:
Bibliographic Details
Corporate Author: OECD. Nuclear Energy Agency
Format: Book
Language:English
Published: Paris OECD 1999
Series:General information
Subjects:
Tags: Add Tag
No Tags, Be the first to tag this record!

MARC

LEADER 00000nam a2200000 4500
001 c123883
005 20221221084816.1
041 0 |a eng 
044 |a FR 
245 1 0 |a <The> Strategic plan of the Nuclear Energy Agency 1999 
264 1 |a Paris  |b OECD  |c 1999 
300 |a 52 s. 
490 1 |a General information 
830 0 |a General information 
610 2 0 |a plán strategický 
610 2 0 |a energia atómová 
610 2 0 |a bezpečnosť jadrová 
610 2 0 |a rádioaktivita 
610 2 0 |a regulácia 
610 2 0 |a riadenie 
610 2 0 |a dáta 
610 2 0 |a informácie 
610 2 0 |a komunikácia 
610 2 0 |a zdroje finančné 
610 2 0 |a OECD 
610 2 0 |a NEA 
610 2 0 |a 1999 
710 2 |a OECD. Nuclear Energy Agency